000
00335nam a2200133Ia 4500
008
151001s9999||||xx |||||||||||||| ||und||
100
_a
ना सी फडके
245
_a
अटकेपार
250
_a
5
260
_b
अंजली प्रकाशन पुणे
260
_c
1957
300
_a
338
365
_b
7
999
_c
952987
_d
952984